Investing in youth: Lithuania

Na minha lista:
Detalhes bibliográficos
Formato: Livro
Idioma:inglês
Publicado em: Paris OECD 2016
Colecção:Investing in youth
Assuntos:
Tags: Adicionar Tag
Sem tags, seja o primeiro a adicionar uma tag!

MARC

LEADER 00000nam a2200000 4500
001 0219255
005 20240314123055.8
020 |a 978-92-64-24760-4 
041 0 |a eng 
044 |a FR 
245 1 0 |a Investing in youth: Lithuania 
264 1 |a Paris  |b OECD  |c 2016 
300 |a 129 s. 
490 1 |a Investing in youth 
830 0 |a Investing in youth 
610 2 0 |a mládež 
610 2 0 |a trh práce 
610 2 0 |a miesta pracovné 
610 2 0 |a mzdy 
610 2 0 |a chudoba 
610 2 0 |a prekážky v práci 
610 2 0 |a náklady práce 
610 2 0 |a legislatíva 
610 2 0 |a zabezpečenie sociálne 
610 2 0 |a Litva